000 00423nam a2200169Ia 4500
005 20250508150346.0
008 008 250505s9999 xx 000 0 hin d
037 _aTextual
040 _aFEDL
_beng
_cFEDL
041 _ahin
_2eng
084 _a891.43, PAN
_qFEDL
100 _aPandey Ramkhelavan
245 0 _aGeeti kavya
300 _a316p.
942 _cTEXL
_h891.43, PAN
999 _c1323173
_d1323173